Statistics for 2018 Starting QB Alma Maters

Click here to take the quiz!

General Stats

  • This quiz has been taken 29 times
  • The average score is 26 of 32

Answer Stats

HintYearsAnswer% Correct
Deshaun Watson2014-2016Clemson
100%
Tom Brady1995-1999Michigan
100%
Aaron Rodgers2003-2004California
96%
Cam Newton2007-2008, 2009, 2010Florida, Blinn, Auburn
96%
Jameis Winston2013-2014Florida State
96%
Matthew Stafford2006-2008Georgia
96%
Eli Manning2000-2003Mississippi
96%
Matt Ryan2004-2007Boston College
92%
Ben Roethlisberger2001-2003Miami (OH)
92%
Russell Wilson2008-2010, 2011NC State, Wisconsin
92%
Marcus Mariota2012-2014Oregon
92%
Andrew Luck2008-2011Stanford
92%
Jared Goff2013-2015California
88%
Kirk Cousins2008-2011Michigan State
88%
Drew Brees1997-2000Purdue
88%
AJ McCarron2009-2013Alabama
83%
Mitch Trubisky2014-2016North Carolina
83%
Blake Bortles2011-2013Central Florida
79%
Philip Rivers2000-2003NC State
79%
Carson Wentz2012-2015North Dakota State
79%
Sam Bradford2007-2009Oklahoma
79%
Joe Flacco2003-2004, 2006-2007Pittsburgh, Delaware
79%
Pat Mahomes II2014-2016Texas Tech
79%
Derek Carr2009-2013Fresno State
75%
Dak Prescott2012-2015Mississippi State
75%
Andy Dalton2007-2010Texas Christian
75%
Tyrod Taylor2007-2010Virginia Tech
75%
Ryan Tannehill2007-2011Texas A&M
71%
Alex Smith2002-2004Utah
71%
Case Keenum2007-2011Houston
63%
Jimmy Garoppolo2010-2013Eastern Illinois
50%
Josh McCown1998-2000Sam Houston State, Southern Methodist
25%

Score Distribution

Percentile by Number Answered

Percent of People with Each Score

Your Score History

You have not taken this quiz